000 00478nam a2200181Ia 4500
001 25132
005 20260414151129.0
008 260414t2020||||xx |||||||||||||| ||spa||
041 _aESP
082 _a346.21
_bC94
100 _aDe la Cuba Chirinos, César
_eAUT
245 0 _aLos derechos de la infancia y adolescencia en los procesos de familia
_b
260 _c2020
300 _a557 páginas :
_c25 cm.
650 _aDER
654 _aCDE
942 _cLIB
_dJUS
_fJUS
_2ddc
_n
999 _c25132
_d25132